000 00451nam a2200169Ia 4500
005 20250326143935.0
008 250326s9999 xx 000 0 und d
037 _aTextbook
040 _aFMSL
_beng
_cFMSL
041 _aeng
_2eng
084 _qFMSL
100 _aBasu K
245 0 _aOxford companion economics in india
_cBasu K
260 _aNew Delhi
_bNew Delhi, Oxford university press
_c2007
942 _cTB
999 _c1301707
_d1301707